| 000 | 00903cam a2200253 4500 | ||
|---|---|---|---|
| 001 | 1715350 | ||
| 005 | 20070816104056.0 | ||
| 008 | 721221r1973 nyua | b 001 0 eng d | ||
| 010 | _a 72013789 | ||
| 020 | _a0394470508 | ||
| 040 |
_aDLC _cDLC _dDLC |
||
| 043 | _aaw----- | ||
| 050 | 0 | 0 |
_aHD9576.N36 _bM65 1973 |
| 082 | 0 | 0 |
_a338.272820956 _222 _bMOS |
| 100 | 1 |
_aMosley, Leonard, _d1913-1992. _910540 |
|
| 245 | 1 | 0 |
_aPower Play: _bOil in the Middle East/ _cby Leonard Mosley |
| 260 |
_aNew York, _bRandom House,1973 _c1973 |
||
| 300 |
_axxi, 457 p.: _bill.; _c24 cm. |
||
| 500 | _aDonated by: Alaa Abdel Ghany | ||
| 504 | _aIncludes bibliography: p. 443-447 and index | ||
| 650 | 0 |
_aPetroleum industry and trade _zMiddle East. _910541 |
|
| 942 |
_2ddc _cBB |
||
| 999 |
_c13177 _d13177 |
||